书目信息 |
| 题名: |
工程力学
|
|
| 作者: | 屈本宁 主编 | |
| 分册: | ||
| 出版信息: | 北京 科学出版社 2003.02 |
|
| 页数: | 402页 | |
| 开本: | 23cm | |
| 丛书名: | ||
| 单 册: | ||
| 中图分类: | TB12 | |
| 科图分类: | ||
| 主题词: | 工程力学 | |
| 电子资源: | ||
| ISBN: | 7-03-011026-9 | |
| 000 | 00520nam0 2200193 45 | |
| 001 | 0332279363 | |
| 005 | 20050630163516.09 | |
| 010 | @a7-03-011026-9@dCNY 29.00 | |
| 100 | @a20030403d2003 km y0chiy0120 ea | |
| 101 | 0 | @achi |
| 102 | @aCN@b110000 | |
| 200 | 1 | @a工程力学@Agong cheng li xue@f屈本宁主编@FQu Ben Ning Zhu Bian |
| 210 | @a北京@c科学出版社@d2003.02 | |
| 215 | @a402页@d23cm | |
| 606 | 0 | @a工程力学 |
| 690 | @aTB12@v3 | |
| 701 | 0 | @a屈本宁@AQu Ben Ning@4主编 |
| 801 | 0 | @aCN@bPFT@c20050630 |
| 905 | @dTB12@eQ807 | |
| 工程力学/屈本宁主编.-北京:科学出版社,2003.02 |
| 402页;23cm |
| ISBN 7-03-011026-9:CNY 29.00 |
| ● |
| 相关链接 |
|
|
|
正题名:工程力学
索取号:TB12/Q807
 
预约/预借
| 序号 | 登录号 | 条形码 | 馆藏地/架位号 | 状态 | 备注 |
| 1 | 372103 | 203721035 | 自科库501/501自科库 3排1列2层/ [索取号:TB12/Q807] | 在馆 | |
| 2 | 372104 | 203721044 | 自科库501/501自科库 3排1列2层/ [索取号:TB12/Q807] | 在馆 | |
| 3 | 372105 | 203721053 | 自科库501/501自科库 3排1列2层/ [索取号:TB12/Q807] | 在馆 | |
| 4 | 538738 | 205387384 | 自科库501/501自科库 3排1列2层/ [索取号:TB12/Q807] | 在馆 | |
| 5 | 538739 | 205387393 | 自科库501/501自科库 3排1列2层/ [索取号:TB12/Q807] | 在馆 | |
| 6 | 538740 | 205387400 | 自科库501/501自科库 3排1列2层/ [索取号:TB12/Q807] | 在馆 |